Normale Ansicht MARC-Ansicht ISBD

Rad schlagen ohne Pfau zu sein (Titelsatznr. 80635)

[ MARC ]
MARC-Details
000 -Satzkennung
Kontrollfeld mit fester Länge 01859pam a2200481 c 4500
001 - Kontrollnummer
Kontrollfeld 984719067
003 - Kontrollnummer Identifier
Kontrollfeld DE-101
005 - Datum und Zeit der letzten Transaktion
Kontrollfeld 20210202153849.0
007 - Feld mit fester Länge zur physischen Beschreibung - Allgemeine Information
Kontrollfeld mit fester Länge tu
008 - Feld mit fester Länge zur physischen Beschreibung - Allgemeine Angaben
Kontrollfeld mit fester Länge 070622s2007 gw ||||| |||| 00||||ger
015 ## - Nummer der Nationalbibliografie
Nummer der Nationalbibliografie 07,A45,0409
Gelöschte/Ungültige Nummer der Nationalbibliografie 07,N29,0449
Quelle dnb
016 7# - Kontrollnummer der nationalbibliografischen Agentur
Quelle DE-101
Datensatzkontrollnummer 984719067
020 ## - Internationale Standardbuchnummer
Internationale Standardbuchnummer 9783932329562
Bezugsbedingungen Pp. : EUR 12.90
020 ## - Internationale Standardbuchnummer
Internationale Standardbuchnummer 3932329562
Bezugsbedingungen Pp. : EUR 12.90
024 3# - Anderer Standardidentifier
Standardnummer oder Code 9783932329562
035 ## - Systemkontrollnummer
System-Kontrollnummer (DE-599)DNB984719067
035 ## - Systemkontrollnummer
System-Kontrollnummer (OCoLC)184990296
040 ## - Katalogisierungsquelle
Original-Katalogisierungsstelle 1145
Katalogisierungssprache ger
Übertragungsstelle DE-101
Bearbeitungsstelle STAFF
041 ## - Sprachcode
Sprachcode des Textes/der Tonspur oder des separaten Titels ger
044 ## - Ländercode der veröffentlichenden/herstellenden Stelle
ISO-Ländercode XA-DE-NW
082 04 - Notation nach der Dewey Decimal Classification
Feldverknüpfung und Reihenfolge 1\u
Notation 324.2430092
Zuweisende Stelle DE-101
Ausgabenummer 22/ger
083 7# - Zusätzliche DDC-Notation
Notation 320
Zuweisende Stelle DE-101
Ausgabenummer 22sdnb
085 ## - Synthetische Notation und ihre Bestandteile
Feldverknüpfung und Reihenfolge 1\u
Base number 324.2
085 ## - Synthetische Notation und ihre Bestandteile
Feldverknüpfung und Reihenfolge 1\u
Table identification 1
Digits added from classification number in schedule or external table 092
085 ## - Synthetische Notation und ihre Bestandteile
Feldverknüpfung und Reihenfolge 1\u
Table identification 2
Digits added from classification number in schedule or external table 43
090 ## - LOCALLY ASSIGNED LC-TYPE CALL NUMBER (OCLC); LOCAL CALL NUMBER (RLIN)
Notation (OCLC) (R) ; Notation, CALL (RLIN) (NR) b
245 00 - Titel
Titel Rad schlagen ohne Pfau zu sein
Zusatz zum Titel Eurogalla, Ehrenmitglied des Europaparlaments ; [Bildbiographie]
Verfasserangabe etc. [Hrsg.: Dieter Rogalla]
264 #1 - Produktion, Veröffentlichung, Distribution, Herstellung und Urheberrechtsvermerk
Herstellungs-, Veröffentlichungs- Vertriebs-, Erzeugungsort Bochum
Produzent, Herausgeber, Distributor, Hersteller Europ. Univ.-Verl.
Datum der Herstellung, der Veröffentlichung, des Vertriebs oder des Urheberschutzvermerks 2007
300 ## - Physische Beschreibung
Umfang 121 S.
Andere physische Details zahlr. Ill., Kt.
Maße 22 cm
336 ## - Inhaltstyp
Inhaltstypterm Text
Inhaltstypcode txt
Quelle rdacontent
336 ## - Inhaltstyp
Inhaltstypterm unbewegtes Bild
Inhaltstypcode sti
Quelle rdacontent
337 ## - Medientyp
Bezeichnung des Medientyps ohne Hilfsmittel zu benutzen
Medientypcode n
Quelle rdamedia
338 ## - Datenträgertyp
Datenträgertypbezeichnung Band
Datenträgertypcode nc
Quelle rdacarrier
490 1# - Gesamttitelangabe
Gesamttitelangabe Zeitzeugen - Zeitdokumente
Bandnummer/Folgebezeichnung Bd. 17
600 17 - Nebeneintragung unter einem Schlagwort - Personenname
IDN des Normdatensatzes oder Standardnummer (DE-588)109053540
-- https://d-nb.info/gnd/109053540
-- (DE-101)109053540
Personenname Rogalla, Dieter
Datumsangaben in Verbindung mit einem Namen 1927-2013
Quelle der Ansetzung oder des Terms gnd
653 ## - Indexierungsterm - Nicht normiert
Nicht-normierter Term (VLB-PF)BA: Buch
700 1# - Nebeneintragung - Personenname
IDN des Normdatensatzes oder Standardnummer (DE-588)109053540
-- https://d-nb.info/gnd/109053540
-- (DE-101)109053540
Personenname Rogalla, Dieter
Datumsangaben in Verbindung mit einem Namen 1927-2013
Funktionsbezeichnung Mitwirkender
Code für Beziehungskennzeichnung ctb
830 #0 - Nebeneintragung unter dem Gesamttitel - Einheitstitel
Einheitstitel Zeitzeugen - Zeitdokumente
Bandnummer/Folgebezeichnung Bd. 17
Datensatzkontrollnummer (DE-101)024435414
-- (DE-600)2105111-2
Koha-Normdatenidentnummer 217
Kontrollunterfeld as
856 42 - Elektronische Adresse und Zugriff
Kontaktstelle für Hilfe beim Zugriff V:DE-604
Elektronisches Format application/pdf
URL <a href="https://d-nb.info/984719067/04">https://d-nb.info/984719067/04</a>
Spezifische Materialangaben Inhaltsverzeichnis
856 42 - Elektronische Adresse und Zugriff
Kontaktstelle für Hilfe beim Zugriff X:MVB
Elektronisches Format text/html
URL <a href="http://deposit.dnb.de/cgi-bin/dokserv?id=2977443&prov=M&dok_var=1&dok_ext=htm">http://deposit.dnb.de/cgi-bin/dokserv?id=2977443&prov=M&dok_var=1&dok_ext=htm</a>
Spezifische Materialangaben Inhaltstext
942 ## - Zusätzliche Felder (Koha)
Klassifikation oder Aufstellungssystematik Andere/Generische Klassifikation
Koha-Medientyp Bücher
Exemplare
Ausgeschieden Verloren Klassifikation oder Aufstellungssystematik Beschädigt Nicht entleihbar Heimatbibliothek Aufenthaltsbibliothek Aufstellungsort Erwerbungsdatum Anzahl Ausleihen Signatur Letzte Aktivität Exemplarnummer Preis gültig von Koha-Medientyp
    Andere/Generische Klassifikation     Stadtarchiv Frankfurt (Oder) | Archivbibliothek Stadtarchiv Frankfurt (Oder) | Archivbibliothek Magazin 02/02/2021   II: 4999 02/02/2021 246/2020 02/02/2021 Bücher